000 00770nam a2200217Ia 4500
003 GCL
008 140319s9999 xx 000 0 ara d
040 _aGCL /
_cGCL
082 0 4 _a189.1
_bن ف
100 1 _aناجى التكريتى
245 1 0 _aالفلسفة السياسية عند ابن ابى ربيع /
_cناجى التكريتى
700 1 _aابن ابى الربيع : ابو الحسين عبيدالله ابى العباس احمد بن عبيدالله بن محمد
260 _a[S.N] :
_bدار الاندلس للاعلام ،
_c1983
300 _a248
490 _a
650 0 4 _aالفلسفة
650 0 4 _aالفلاسفة المسلمون
650 0 4 _aالفلاسفة
650 0 4 _aالفلاسفة العرب
942 _2ddc
_cBK
999 _c29023
_d29023